Vlamidir MaKarenko (Record no. 6808)

MARC details
000 - LÍDER
campo de control de longitud fija 00752nam a2200193Ia 4500
008 - ELEMENTOS DE DATOS DE LONGITUD FIJA - INFORMACIÓN GENERAL
campo de control de longitud fija 0000001985 fr a 0000000000fre00
090 ## - NÚMERO DE LLAMADA DE TIPO LC LOCALMENTE ASIGNADO (OCLC)
Número de clasificación (OCLC) (R) PUN00 B27v
100 1# - ENTRADA PRINCIPAL - NOMBRE PERSONAL
Nombre de la persona Bernard, Héliane
245 10 - TÍTULO DECLARACIÓN
Título Vlamidir MaKarenko
Declaración de responsabilidad / texte Heliane Bernard
260 ## - PUBLICACIÓN, DISTRIBUCIÓN
Lugar de publicación Lyon : Association Champs des Arts
Fecha de publicación 1985
300 ## - DESCRIPCIÓN FÍSICA
Alcance [26] p.
Dimensiones / 21 cm.
500 ## - NOTA GENERAL
Nota general Exposición realizada en Association Champs des Arts, Lyon, Octubre 2 Noviembre 2, 1985 \ Con el patronazgo del maestro venezolano Jesús Rafael Soto (q.e.p.d.)
600 00 - ENTRADA DE SUJETO AÑADIDO - NOMBRE PERSONAL
Nombre de la persona MAKARENKO, VLADIMIR, 1943/
Subdivisión general TRABAJOS PICTORICOS
650 14 - ENTRADA DE SUJETO AÑADIDO - TÉRMINO TÓPICO
Término tópico o elemento de entrada del nombre geográfico ARTE CONTEMPORANEO UCRANIANO
650 14 - ENTRADA DE SUJETO AÑADIDO - TÉRMINO TÓPICO
Subdivisión general CATALOGOS
650 14 - ENTRADA DE SUJETO AÑADIDO - TÉRMINO TÓPICO
Subdivisión general EXPOSICIONES
650 14 - ENTRADA DE SUJETO AÑADIDO - TÉRMINO TÓPICO
Término tópico o elemento de entrada del nombre geográfico PINTORES UCRANIANOS
650 14 - ENTRADA DE SUJETO AÑADIDO - TÉRMINO TÓPICO
Término tópico o elemento de entrada del nombre geográfico PINTURA UCRANIANA
Holdings
Estado de retirada Pérdida de estatus Estado dañado No para préstamo Código de recogida Ubicación permanente Ubicación actual Ubicación de las estanterías Fecha de adquisición Número de llamada completo Código de barras Fecha de la última vez que se vio Número de copia Precio efectivo desde Tipo de artículo Koha
        General ArtNexus ArtNexus General 06/09/2022 P-UN-00 B27V 6812 06/09/2022 Ej.1 06/09/2022 Libro

Powered by Koha